[Event "Junior Online 4NCL Division 3"]
[Site "online"]
[Date "2020.08.20"]
[Round "1.72"]
[White "Yao, Rian"]
[Black "Shotton, Alex"]
[Result "1-0"]
[WhiteElo "1157"]
[BlackElo "970"]
[PlyCount "61"]
[EventDate "2020.08.20"]
[WhiteTeam "MCS Tenners"]
[BlackTeam "Uxbridge JAMMA"]

1. e4 e5 2. Nf3 Nc6 3. Bc4 d6 4. c3 Bd7 5. d4 exd4 6. Nxd4 Na5 7. Bb5 a6 8.
Bxd7+ Qxd7 9. Bf4 O-O-O 10. h3 Re8 11. Nd2 Nf6 12. Qe2 d5 13. f3 Nh5 14. Bg5
Ng3 15. Qd3 Nxh1 16. b4 Nc6 17. Nxc6 Qxc6 18. c4 Bxb4 19. cxd5 Qc3 20. Qxc3
Bxc3 21. Rc1 Be5 22. Nc4 h6 23. Nxe5 Rxe5 24. Bf4 Re7 25. Kf1 g5 26. Bh2 h5 27.
d6 Re5 28. Bxe5 Rd8 29. Rxc7+ Kb8 30. d7 Ka7 31. Bf6 1-0

[Event "Junior Online 4NCL Division 3"]
[Site "online"]
[Date "2020.08.20"]
[Round "1.73"]
[White "Tang, Kei Hon"]
[Black "Robinson, Jonas"]
[Result "1/2-1/2"]
[WhiteElo "925"]
[BlackElo "925"]
[PlyCount "28"]
[EventDate "2020.08.20"]
[WhiteTeam "Uxbridge JAMMA"]
[BlackTeam "MCS Tenners"]

1. Nc3 e5 2. Nf3 Nc6 3. e4 Nf6 4. Bc4 Bc5 5. a3 O-O 6. O-O h6 7. h4 a6 8. a4 b5
9. axb5 axb5 10. Rxa8 bxc4 11. Nb5 Qe7 12. Nxc7 Bb7 13. Ra4 Qd6 14. Nb5 Qb8
1/2-1/2

[Event "Junior Online 4NCL Division 3"]
[Site "online"]
[Date "2020.08.20"]
[Round "1.74"]
[White "King Bravo, Tomas"]
[Black "Shotton, Marcus"]
[Result "1/2-1/2"]
[WhiteElo "700"]
[BlackElo "730"]
[PlyCount "45"]
[EventDate "2020.08.20"]
[WhiteTeam "MCS Tenners"]
[BlackTeam "Uxbridge JAMMA"]

1. e4 e6 2. Nf3 d5 3. exd5 exd5 4. g3 Qe7+ 5. Qe2 Bg4 6. Bg2 Nc6 7. Nc3 d4 8.
Nd5 Qxe2+ 9. Kxe2 Ne5 10. Nxc7+ Kd7 11. Nxa8 Nxf3 12. Bxf3 Bxf3+ 13. Kxf3 Nf6
14. c3 d3 15. Re1 Bc5 16. b3 Rxa8 17. Bb2 Nd5 18. c4 Nb4 19. Bxg7 Nc2 20. Ke4
Nxa1 21. Rxa1 Re8+ 22. Kxd3 Bxf2 23. Rf1 1/2-1/2

[Event "Junior Online 4NCL Division 3"]
[Site "online"]
[Date "2020.08.20"]
[Round "1.75"]
[White "Robinson, Danny"]
[Black "Dhir, Jai Alexander"]
[Result "1-0"]
[WhiteElo "1180"]
[BlackElo "1000"]
[PlyCount "79"]
[EventDate "2020.08.20"]
[WhiteTeam "MCS Tenners"]
[BlackTeam "Uxbridge JAMMA"]

1. e4 e5 2. Nf3 Nc6 3. Bc4 Bc5 4. Nc3 Nf6 5. O-O O-O 6. Re1 a6 7. d3 b5 8. Bb3
d6 9. h3 Re8 10. Bg5 Be6 11. Bxe6 Rxe6 12. Nd5 h6 13. Nxf6+ Rxf6 14. Bxf6 Qxf6
15. a3 Nd4 16. c3 Nxf3+ 17. Qxf3 Qe6 18. b4 Bb6 19. Rec1 c5 20. Rc2 a5 21. Qe3
d5 22. exd5 Qd6 23. bxc5 Bxc5 24. Qc1 Bb6 25. c4 bxc4 26. dxc4 Ba7 27. a4 e4
28. Qe1 Re8 29. Re2 Bd4 30. Rd1 Bf6 31. Rxe4 Rxe4 32. Qxe4 Bd8 33. c5 Qxc5 34.
Qe8+ Kh7 35. Qxd8 Qc2 36. Rf1 Qxa4 37. d6 Qb5 38. d7 a4 39. Qc8 Qf5 40. d8=Q
1-0

[Event "Junior Online 4NCL Division 3"]
[Site "online"]
[Date "2020.08.20"]
[Round "1.76"]
[White "Shotton, Alex"]
[Black "Yao, Rian"]
[Result "1-0"]
[WhiteElo "970"]
[BlackElo "1157"]
[PlyCount "45"]
[EventDate "2020.08.20"]
[WhiteTeam "Uxbridge JAMMA"]
[BlackTeam "MCS Tenners"]

1. e4 e5 2. Bc4 c6 3. d3 d5 4. exd5 cxd5 5. Bb5+ Bd7 6. a4 Qa5+ 7. Bd2 Bb4 8.
c3 Bc5 9. b4 Qb6 10. bxc5 Qxc5 11. Be3 d4 12. cxd4 exd4 13. Bc1 Qb4+ 14. Bd2
Qb2 15. Na3 Bxb5 16. axb5 Ne7 17. Nc4 Qxb5 18. Nd6+ Kd8 19. Nxb5 Nf5 20. Qc1
Nh4 21. Qc7+ Ke8 22. Nd6+ Kf8 23. Qd8# 1-0

[Event "Junior Online 4NCL Division 3"]
[Site "online"]
[Date "2020.08.20"]
[Round "1.77"]
[White "Robinson, Jonas"]
[Black "Tang, Kei Hon"]
[Result "1/2-1/2"]
[WhiteElo "925"]
[BlackElo "925"]
[PlyCount "25"]
[EventDate "2020.08.20"]
[WhiteTeam "MCS Tenners"]
[BlackTeam "Uxbridge JAMMA"]

1. e4 Nf6 2. Nc3 Nc6 3. Nf3 e5 4. Bc4 Bc5 5. O-O O-O 6. h3 h6 7. Nxe5 Nxe5 8.
d4 Nxc4 9. dxc5 Nxe4 10. b3 Nxc3 11. Qd3 Nxa2 12. Qxc4 Qf6 13. Rxa2 1/2-1/2

[Event "Junior Online 4NCL Division 3"]
[Site "online"]
[Date "2020.08.20"]
[Round "1.78"]
[White "Shotton, Marcus"]
[Black "King Bravo, Tomas"]
[Result "1/2-1/2"]
[WhiteElo "730"]
[BlackElo "700"]
[PlyCount "88"]
[EventDate "2020.08.20"]
[WhiteTeam "Uxbridge JAMMA"]
[BlackTeam "MCS Tenners"]

1. e4 e5 2. Nf3 Nc6 3. Bc4 Bc5 4. Ng5 Qxg5 5. Qf3 Nf6 6. h4 Qf4 7. d4 Qxc1+ 8.
Qd1 Qxb2 9. dxe5 Qxa1 10. exf6 Qxf6 11. Qe2 d6 12. O-O O-O 13. Nc3 Qxc3 14. Rc1
Nd4 15. Qd1 Qxc4 16. c3 Ba3 17. Rb1 Qxa2 18. Ra1 Qb3 19. Qxd4 Bb2 20. Rb1 Qc2
21. Rd1 Bxc3 22. Qe3 Qxd1+ 23. Kh2 Be5+ 24. Qg3 Bxg3+ 25. Kxg3 Qh5 26. Kf4 Qg4+
27. Ke3 Bf5 28. Kd4 Qxe4+ 29. Kc3 b5 30. Kd2 Qd3+ 31. Ke1 b4 32. g3 b3 33. f3
b2 34. g4 b1=Q+ 35. Kf2 a5 36. gxf5 a4 37. Kg3 a3 38. Kg4 a2 39. Kg5 a1=Q 40.
f6 Qxf6+ 41. Kh5 Qg5+ 42. Kxg5 Qc1+ 43. Kg4 Ra4+ 44. Kh5 Qf4 1/2-1/2

[Event "Junior Online 4NCL Division 3"]
[Site "online"]
[Date "2020.08.20"]
[Round "1.81"]
[White "Ahmad, Amelia"]
[Black "Allen, George"]
[Result "1-0"]
[WhiteElo "850"]
[BlackElo "1390"]
[PlyCount "79"]
[EventDate "2020.08.20"]
[WhiteTeam "Blue Foxes"]
[BlackTeam "KJCA Young Kestrels F"]

1. e4 e5 2. Nf3 Nc6 3. Bc4 Bc5 4. d3 d6 5. Ng5 Qf6 6. O-O Nge7 7. Bxf7+ Kd8 8.
Bc4 h6 9. Nf7+ Kd7 10. Nxh8 a6 11. Qg4+ Kd8 12. Qd1 Be6 13. Bxe6 Qxe6 14. Qf3
Kd7 15. Nf7 Rf8 16. Qd1 Qxf7 17. a3 g5 18. Qg4+ Kd8 19. Nc3 Bxf2+ 20. Kh1 Bd4
21. Rxf7 Rxf7 22. Bd2 Ke8 23. Ne2 Bxb2 24. Rb1 Bxa3 25. Re1 Bc5 26. Qh5 Kd8 27.
Qxf7 b6 28. Qh5 Nd4 29. Nxd4 Bxd4 30. Qxh6 Kc8 31. Qxg5 Nc6 32. Qg8+ Kb7 33.
Qd5 Bf2 34. Rf1 Bc5 35. Rf7 a5 36. Qe6 b5 37. Qd7 Bb6 38. Rf8 a4 39. Qc8+ Ka7
40. Qa8# 1-0

[Event "Junior Online 4NCL Division 3"]
[Site "online"]
[Date "2020.08.20"]
[Round "1.82"]
[White "Watson, Scarlet"]
[Black "Harper, Lauren"]
[Result "1-0"]
[WhiteElo "1270"]
[BlackElo "767"]
[PlyCount "35"]
[EventDate "2020.08.20"]
[WhiteTeam "KJCA Young Kestrels F"]
[BlackTeam "Blue Foxes"]

1. d4 d5 2. c4 dxc4 3. e4 e6 4. Bxc4 Bb4+ 5. Nc3 Ba5 6. Nf3 Nc6 7. O-O Nf6 8.
e5 Nh5 9. Bg5 Bxc3 10. bxc3 b6 11. Qc2 Bd7 12. Bxd8 O-O 13. Bg5 Na5 14. Bd3 f6
15. exf6 h6 16. Bxh6 gxh6 17. Bh7+ Kf7 18. Qg6# 1-0

[Event "Junior Online 4NCL Division 3"]
[Site "online"]
[Date "2020.08.20"]
[Round "1.83"]
[White "Gadhia, Sai"]
[Black "Heard, Ben"]
[Result "0-1"]
[WhiteElo "775"]
[BlackElo "1262"]
[PlyCount "46"]
[EventDate "2020.08.20"]
[WhiteTeam "Blue Foxes"]
[BlackTeam "KJCA Young Kestrels F"]

1. e4 e5 2. Nf3 Nc6 3. Nc3 Nf6 4. Bb5 d6 5. g4 Bxg4 6. O-O a6 7. Bc4 Nd4 8. h3
Nxf3+ 9. Kh1 Nh2 10. Kxh2 Bxd1 11. Rxd1 Qd7 12. Rg1 O-O-O 13. Na4 Qxa4 14. b3
Qd7 15. f4 Nxe4 16. Re1 Nf6 17. b4 exf4 18. a3 d5 19. a4 dxc4 20. d3 cxd3 21.
cxd3 Qxd3 22. Rd1 Qxd1 23. Bb2 Rd2# 0-1

[Event "Junior Online 4NCL Division 3"]
[Site "online"]
[Date "2020.08.20"]
[Round "1.84"]
[White "Oprea, Lucas"]
[Black "Mehta, Zara"]
[Result "1-0"]
[WhiteElo "1255"]
[BlackElo "775"]
[PlyCount "43"]
[EventDate "2020.08.20"]
[WhiteTeam "KJCA Young Kestrels F"]
[BlackTeam "Blue Foxes"]

1. e4 d5 2. Nc3 dxe4 3. Nxe4 Qd5 4. Nc3 Qe5+ 5. Qe2 Qxe2+ 6. Bxe2 Bf5 7. Bf3
Bxc2 8. Bxb7 Nc6 9. Bxc6+ Kd8 10. Bxa8 Nf6 11. Nf3 g5 12. d4 g4 13. Ne5 Rg8 14.
f3 Rg5 15. Bxg5 e6 16. Bxf6+ Be7 17. Nc6+ Kd7 18. Nxe7 Ke8 19. Bc6+ Kd8 20. Na4
e5 21. Nc5 exd4 22. Nb7# 1-0

[Event "Junior Online 4NCL Division 3"]
[Site "online"]
[Date "2020.08.20"]
[Round "1.85"]
[White "Allen, George"]
[Black "Ahmad, Amelia"]
[Result "1-0"]
[WhiteElo "1390"]
[BlackElo "850"]
[PlyCount "25"]
[EventDate "2020.08.20"]
[WhiteTeam "KJCA Young Kestrels F"]
[BlackTeam "Blue Foxes"]

1. b4 e5 2. Bb2 Bxb4 3. Bxe5 Qe7 4. Bxg7 Qg5 5. Bxh8 Qd8 6. Nf3 b6 7. e3 Bb7 8.
a3 Bxf3 9. Qxf3 Nc6 10. Bc4 Ne5 11. Bxe5 Qe7 12. axb4 O-O-O 13. Qa8# 1-0

[Event "Junior Online 4NCL Division 3"]
[Site "online"]
[Date "2020.08.20"]
[Round "1.86"]
[White "Harper, Lauren"]
[Black "Watson, Scarlet"]
[Result "0-1"]
[WhiteElo "767"]
[BlackElo "1270"]
[PlyCount "48"]
[EventDate "2020.08.20"]
[WhiteTeam "Blue Foxes"]
[BlackTeam "KJCA Young Kestrels F"]

1. e4 d5 2. d4 dxe4 3. Bb5+ Nc6 4. Bg5 a6 5. f3 axb5 6. Nc3 Bf5 7. fxe4 Bxe4 8.
Nxe4 Nxd4 9. c3 Nf3+ 10. Ke2 Qxd1+ 11. Kf2 Qc2+ 12. Ke3 e5 13. gxf3 Bc5+ 14.
Nxc5 Ra5 15. Ne2 h6 16. Rac1 Qf5 17. Rcg1 hxg5 18. Ng3 Qf4+ 19. Kf2 Rxa2 20.
Ne2 Qh4+ 21. Rg3 Rxb2 22. c4 Qxc4 23. Rxg5 Qxe2+ 24. Kg3 Qg2# 0-1

[Event "Junior Online 4NCL Division 3"]
[Site "online"]
[Date "2020.08.20"]
[Round "1.87"]
[White "Heard, Ben"]
[Black "Gadhia, Sai"]
[Result "1-0"]
[WhiteElo "1262"]
[BlackElo "775"]
[PlyCount "69"]
[EventDate "2020.08.20"]
[WhiteTeam "KJCA Young Kestrels F"]
[BlackTeam "Blue Foxes"]

1. e4 e5 2. Nf3 Nc6 3. Nc3 Nf6 4. d4 Bb4 5. dxe5 Nh5 6. Nd2 Nf4 7. Nc4 d6 8.
Bxf4 dxe5 9. Qxd8+ Kxd8 10. Bxe5 Nxe5 11. Nxe5 Bd6 12. Nxf7+ Ke8 13. Nxh8 Be5
14. O-O-O Bg4 15. f3 Bh5 16. g4 Bg6 17. Nd5 c6 18. Nb4 Bf7 19. Nxf7 Kxf7 20.
Rd7+ Kf8 21. Bc4 Bd6 22. Rxd6 c5 23. Nd5 Rb8 24. Nc7 Rc8 25. Ne6+ Ke7 26. Rhd1
Rd8 27. Rxd8 Kf6 28. Rf8+ Ke7 29. Rdd8 b5 30. Rfe8+ Kf6 31. Rf8+ Ke7 32. Rfe8+
Kf6 33. Bxb5 Kf7 34. Rd7+ Kxe8 35. Rxg7# 1-0

[Event "Junior Online 4NCL Division 3"]
[Site "online"]
[Date "2020.08.20"]
[Round "1.88"]
[White "Mehta, Zara"]
[Black "Oprea, Lucas"]
[Result "0-1"]
[WhiteElo "775"]
[BlackElo "1255"]
[PlyCount "124"]
[EventDate "2020.08.20"]
[WhiteTeam "Blue Foxes"]
[BlackTeam "KJCA Young Kestrels F"]

1. e4 e5 2. Nf3 d5 3. Nxe5 Qe7 4. Ng6 fxg6 5. Bb5+ c6 6. Bd3 dxe4 7. Bxe4 Qxe4+
8. Kf1 Bg4 9. f3 Qc4+ 10. Kf2 Qf4 11. g3 Qd4+ 12. Ke2 Bf5 13. g4 Qc4+ 14. d3
Qe6+ 15. Kf2 Bc5+ 16. Kg3 Qd6+ 17. Kh4 Qf6+ 18. Kg3 Bd6+ 19. f4 Bc8 20. g5 Qe6
21. Kh4 Qg4+ 22. Qxg4 Bxg4 23. Kxg4 h5+ 24. Kh4 Nd7 25. c3 Ne7 26. Na3 Bxa3 27.
bxa3 Nd5 28. Bd2 Rf8 29. Rae1+ Kd8 30. Rhf1 Nc5 31. Rf2 Nxd3 32. Re6 Nxf2 33.
Be3 Nxe3 34. Rxe3 Rxf4+ 35. Kg3 Rf8 36. Rd3+ Nxd3 37. a4 Kc7 38. a5 Rae8 39. a6
bxa6 40. a4 Re4 41. a5 Rd8 42. Kf3 Rh4 43. Ke2 Re4+ 44. Kd2 Nf4+ 45. Kc2 Rd3
46. Kb3 Ree3 47. Kb4 Rxc3 48. Ka4 Ra3+ 49. Kb4 Rab3+ 50. Ka4 Re4+ 51. Kxb3 Re6
52. Kb4 Kd6 53. Kc4 c5 54. Kc3 Kd7 55. Kc4 Rc6 56. Kb3 c4+ 57. Ka4 c3 58. Kb4
c2 59. Kb3 c1=Q 60. Ka4 Qb1 61. Ka3 Rc3+ 62. Ka4 Qb3# 0-1

[Event "Junior Online 4NCL Division 3"]
[Site "online"]
[Date "2020.08.20"]
[Round "1.91"]
[White "Cheema, Jaideep C"]
[Black "Menakaya, Léon"]
[Result "1-0"]
[WhiteElo "1420"]
[BlackElo "850"]
[PlyCount "53"]
[EventDate "2020.08.20"]
[WhiteTeam "Brentwood School B"]
[BlackTeam "Watford Juniors E"]

1. e4 e5 2. Nf3 Nc6 3. Bc4 Nf6 4. Nc3 Bb4 5. d3 O-O 6. a3 Bc5 7. Be3 Bxe3 8.
fxe3 d6 9. O-O Bg4 10. h3 Bh5 11. Nd5 Nxd5 12. Bxd5 Ne7 13. Ba2 Ng6 14. g4 Bxg4
15. hxg4 Nh4 16. Rf2 Nxf3+ 17. Qxf3 Qh4 18. Rh2 Qd8 19. Qh3 h6 20. Rf1 c6 21.
Rg2 d5 22. exd5 cxd5 23. g5 hxg5 24. Rh2 f6 25. Qe6+ Rf7 26. Bxd5 Qf8 27. Qh3
1-0

[Event "Junior Online 4NCL Division 3"]
[Site "online"]
[Date "2020.08.20"]
[Round "1.92"]
[White "Manoj Kumar, Arth"]
[Black "Mouratidis, Markos"]
[Result "0-1"]
[WhiteElo "850"]
[BlackElo "985"]
[PlyCount "78"]
[EventDate "2020.08.20"]
[WhiteTeam "Watford Juniors E"]
[BlackTeam "Brentwood School B"]

1. e4 e5 2. Nf3 Nc6 3. Bb5 h6 4. Bxc6 bxc6 5. Nxe5 Nf6 6. Nc3 Bc5 7. d3 d6 8.
O-O dxe5 9. Na4 Bb6 10. Kh1 Nh5 11. Nxb6 cxb6 12. Qxh5 g6 13. Qxe5+ Be6 14.
Qxh8+ Ke7 15. Qxh6 c5 16. Qh4+ Ke8 17. Qh8+ Ke7 18. Qh4+ f6 19. Qh7+ Bf7 20. e5
fxe5 21. f4 exf4 22. Re1+ Kf8 23. Qh8+ Bg8 24. Qh6+ Kf7 25. Bxf4 Qd5 26. Bg5
Re8 27. Rf1+ Ke6 28. Rfe1+ Kd7 29. Qh3+ Re6 30. Qh8 Rxe1+ 31. Rxe1 Be6 32. Qd8+
Kc6 33. Qa8+ Kb5 34. Qe8+ Ka6 35. Qa4+ Kb7 36. Rf1 Qxg5 37. Rf8 Bd5 38. Qd7+
Ka6 39. Ra8 Qxg2# 0-1

[Event "Junior Online 4NCL Division 3"]
[Site "online"]
[Date "2020.08.20"]
[Round "1.93"]
[White "van Enckevort, Noah"]
[Black "Taylor, Tamuka"]
[Result "0-1"]
[WhiteElo "1000"]
[BlackElo "700"]
[PlyCount "72"]
[EventDate "2020.08.20"]
[WhiteTeam "Brentwood School B"]
[BlackTeam "Watford Juniors E"]

1. e4 e5 2. Nf3 d6 3. Bc4 Nf6 4. Nc3 Nc6 5. O-O Nd4 6. Nxd4 exd4 7. Nd5 Nxd5 8.
Bxd5 Be6 9. Bxe6 fxe6 10. d3 Qf6 11. Qh5+ g6 12. Qh3 O-O-O 13. a3 c5 14. b4 b6
15. c3 dxc3 16. bxc5 bxc5 17. a4 c2 18. Bd2 d5 19. Rac1 Qb2 20. Qxe6+ Rd7 21.
Qe8+ Kc7 22. Qe5+ Bd6 23. Qxh8 Qxh8 24. Rxc2 Qd4 25. Be3 Qxa4 26. Rcc1 dxe4 27.
dxe4 Qxe4 28. h3 Qd5 29. g3 Rg7 30. Bh6 Rd7 31. Be3 Qf5 32. g4 Qf3 33. Bd2 Qxh3
34. Rfd1 Qh2+ 35. Kf1 Rf7 36. Ke1 Qxf2# 0-1

[Event "Junior Online 4NCL Division 3"]
[Site "online"]
[Date "2020.08.20"]
[Round "1.94"]
[White "Balakrishnan, Akshata"]
[Black "Measday, Austin"]
[Result "0-1"]
[WhiteElo "700"]
[BlackElo "925"]
[PlyCount "60"]
[EventDate "2020.08.20"]
[WhiteTeam "Watford Juniors E"]
[BlackTeam "Brentwood School B"]

1. e4 e5 2. Nf3 Bc5 3. Nc3 Nf6 4. Bc4 Ng4 5. O-O Bd6 6. Nb5 O-O 7. h3 Nh6 8.
Qe2 a6 9. Nxd6 cxd6 10. Nxe5 dxe5 11. Bxf7+ Rxf7 12. h4 d6 13. Rd1 Bg4 14. Qe1
Bxd1 15. Qxd1 Qxh4 16. g3 Qh3 17. f4 Ng4 18. c4 Rf6 19. fxe5 dxe5 20. d3 Rh6
21. Bxh6 gxh6 22. c5 a5 23. c6 bxc6 24. d4 Ra7 25. dxe5 Rg7 26. e6 Kf8 27. e7+
Kxe7 28. e5 Rg5 29. e6 Rh5 30. b3 Qh1# 0-1

[Event "Junior Online 4NCL Division 3"]
[Site "online"]
[Date "2020.08.20"]
[Round "1.95"]
[White "Menakaya, Léon"]
[Black "Cheema, Jaideep C"]
[Result "0-1"]
[WhiteElo "850"]
[BlackElo "1420"]
[PlyCount "100"]
[EventDate "2020.08.20"]
[WhiteTeam "Watford Juniors E"]
[BlackTeam "Brentwood School B"]

1. e4 e5 2. Nf3 Nc6 3. Bb5 d6 4. O-O Nf6 5. Nc3 Be7 6. d4 O-O 7. dxe5 Nxe5 8.
Nxe5 dxe5 9. Nd5 Nxd5 10. exd5 a6 11. Bd3 f5 12. Re1 e4 13. Bc4 Bd6 14. Qd4 Qf6
15. Qe3 Bd7 16. b3 Qxa1 17. Bd2 Qe5 18. Bc3 Qxh2+ 19. Kf1 Bb5 20. Qg5 Rf7 21.
Bxb5 Bf4 22. Qxg7+ Rxg7 23. Bxg7 Kxg7 24. g3 Qh1+ 25. Ke2 Qf3+ 26. Kf1 axb5 27.
gxf4 Qxf4 28. Re2 Qc1+ 29. Re1 Qxe1+ 30. Kxe1 Rxa2 31. Kd2 Kg6 32. Kc3 Kf6 33.
Kd4 Rxc2 34. f4 Rd2+ 35. Kc5 c6 36. dxc6 bxc6 37. Kxc6 h5 38. Kxb5 h4 39. b4 h3
40. Kc5 Rc2+ 41. Kd6 Rd2+ 42. Kc5 h2 43. b5 h1=Q 44. b6 Rc2+ 45. Kd6 Rd2+ 46.
Kc7 Qc1+ 47. Kb8 Rd8+ 48. Ka7 Qa1+ 49. Kb7 Qa8+ 50. Kc7 Qc8# 0-1

[Event "Junior Online 4NCL Division 3"]
[Site "online"]
[Date "2020.08.20"]
[Round "1.96"]
[White "Mouratidis, Markos"]
[Black "Manoj Kumar, Arth"]
[Result "1-0"]
[WhiteElo "985"]
[BlackElo "850"]
[PlyCount "93"]
[EventDate "2020.08.20"]
[WhiteTeam "Brentwood School B"]
[BlackTeam "Watford Juniors E"]

1. Nf3 d5 2. d4 Nc6 3. Nc3 f6 4. e3 e5 5. dxe5 fxe5 6. e4 dxe4 7. Qxd8+ Kxd8 8.
Nxe4 Bb4+ 9. c3 Bf5 10. Bd3 a5 11. Bg5+ Nge7 12. Bxe7+ Kxe7 13. O-O Bxe4 14.
Bxe4 Bc5 15. Bxc6 bxc6 16. Nxe5 Bd6 17. Nxc6+ Kd7 18. Nd4 Rae8 19. Rfe1 Rhf8
20. Rxe8 Rxe8 21. Kf1 c5 22. Nb5 Be7 23. Re1 Rf8 24. a3 Bg5 25. b4 Bd2 26. Re2
Bf4 27. bxa5 Kc6 28. a4 Rd8 29. a6 Rd1+ 30. Re1 Bd2 31. Rxd1 Bxc3 32. Nxc3 Kb6
33. Rd7 Kxa6 34. Nd5 Ka5 35. Rc7 Kxa4 36. Rxc5 Kb3 37. Ke2 Ka4 38. Kd3 g5 39.
g3 h6 40. f4 gxf4 41. Nxf4 h5 42. h3 h4 43. gxh4 Ka3 44. Rb5 Ka4 45. Kc4 Ka3
46. Rb6 Ka4 47. Ra6# 1-0

[Event "Junior Online 4NCL Division 3"]
[Site "online"]
[Date "2020.08.20"]
[Round "1.97"]
[White "Taylor, Tamuka"]
[Black "van Enckevort, Noah"]
[Result "1-0"]
[WhiteElo "700"]
[BlackElo "1000"]
[PlyCount "87"]
[EventDate "2020.08.20"]
[WhiteTeam "Watford Juniors E"]
[BlackTeam "Brentwood School B"]

1. d4 d5 2. Nc3 c6 3. e4 f5 4. exf5 Bxf5 5. Nf3 Nf6 6. Ne5 Qd6 7. g4 Bxg4 8.
Nxg4 Nxg4 9. Qxg4 g6 10. Nb5 cxb5 11. Bxb5+ Nd7 12. O-O O-O-O 13. c4 dxc4 14.
Bxc4 e6 15. Bxe6 Re8 16. Bg5 Qxe6 17. Rfc1+ Kb8 18. Qf4+ Ka8 19. Qc7 Qc6 20.
Rxc6 bxc6 21. Qxc6+ Kb8 22. Bf4+ Ne5 23. Qf6 Rc8 24. Qxh8 Bd6 25. Bxe5 Bxe5 26.
Qxe5+ Kb7 27. Qd5+ Kc7 28. Rc1+ Kb8 29. Rxc8+ Kxc8 30. Qc6+ Kb8 31. Qd7 Ka8 32.
Qxh7 Kb8 33. d5 Kc8 34. d6 Kd8 35. Qxg6 Kd7 36. f4 Kc6 37. h4 a5 38. b3 Kb5 39.
d7 Kb4 40. d8=Q a4 41. bxa4 Kxa4 42. Qdb6 Ka3 43. Qgb1 Ka4 44. Q1b4# 1-0

[Event "Junior Online 4NCL Division 3"]
[Site "online"]
[Date "2020.08.20"]
[Round "1.98"]
[White "Measday, Austin"]
[Black "Balakrishnan, Akshata"]
[Result "1-0"]
[WhiteElo "925"]
[BlackElo "700"]
[PlyCount "85"]
[EventDate "2020.08.20"]
[WhiteTeam "Brentwood School B"]
[BlackTeam "Watford Juniors E"]

1. e4 e5 2. Bc4 Nf6 3. Nh3 Nc6 4. Ng5 Qe7 5. Nxf7 Rg8 6. b3 d5 7. exd5 Qxf7 8.
d6 cxd6 9. Bxf7+ Kd8 10. Bxg8 Bf5 11. Be6 Bxe6 12. a4 Nd4 13. c3 Nf3+ 14. gxf3
b6 15. O-O Bh3 16. b4 Bxf1 17. Kxf1 e4 18. fxe4 Nxe4 19. f3 Ng5 20. a5 bxa5 21.
bxa5 d5 22. Na3 Rc8 23. Nb5 a6 24. Na7 Ra8 25. Nc6+ Kd7 26. Qa4 Ke6 27. Ba3
Bxa3 28. Rxa3 Nxf3 29. Kf2 Nxd2 30. Ke2 Nc4 31. Rb3 Nb6 32. Qb4 Nd7 33. Qh4 g6
34. Qxh7 g5 35. c4 g4 36. Rg3 dxc4 37. Rxg4 c3 38. Kd1 c2+ 39. Kxc2 Ne5 40. Rg5
Nxc6 41. Qh6+ Kd7 42. Rg7+ Kd8 43. Qh8# 1-0

[Event "Junior Online 4NCL Division 3"]
[Site "online"]
[Date "2020.08.20"]
[Round "1.101"]
[White "Solanki, Rohan"]
[Black "Thompson, Alex"]
[Result "1/2-1/2"]
[WhiteElo "1382"]
[BlackElo "1472"]
[PlyCount "42"]
[EventDate "2020.08.20"]
[WhiteTeam "Surbiton Juniors B"]
[BlackTeam "Surrey Kings 1"]

1. e4 e6 2. d4 d5 3. Nc3 dxe4 4. Nxe4 Bd7 5. Nc5 Bc6 6. Nf3 Bxc5 7. dxc5 Qxd1+
8. Kxd1 Bxf3+ 9. gxf3 Nd7 10. Be3 c6 11. Bd4 e5 12. Be3 O-O-O 13. Bh3 Kb8 14.
Ke1 Ne7 15. Rg1 Ng6 16. Rd1 Nf6 17. Rxd8+ Rxd8 18. Bg5 Rd5 19. Be3 Rd8 20. Bg5
Rd5 21. Be3 Rd8 1/2-1/2

[Event "Junior Online 4NCL Division 3"]
[Site "online"]
[Date "2020.08.20"]
[Round "1.102"]
[White "Lee, Damin"]
[Black "Bailey, Matthew"]
[Result "0-1"]
[WhiteElo "1150"]
[BlackElo "1412"]
[PlyCount "70"]
[EventDate "2020.08.20"]
[WhiteTeam "Surrey Kings 1"]
[BlackTeam "Surbiton Juniors B"]

1. e4 c5 2. Bc4 e6 3. Nc3 a6 4. d3 b5 5. Bxe6 dxe6 6. Nf3 Nc6 7. Bf4 Bd6 8.
Bxd6 Qxd6 9. O-O Nge7 10. a4 b4 11. Nb1 O-O 12. Ng5 h6 13. Nf3 Nd4 14. Nxd4
Qxd4 15. c3 bxc3 16. bxc3 Qf6 17. d4 cxd4 18. cxd4 Bb7 19. Nc3 Rfd8 20. e5 Qg5
21. f3 Qe3+ 22. Rf2 Qxc3 23. Rc1 Qxd4 24. Rc7 Qxd1+ 25. Rf1 Qd4+ 26. Rf2 Rd7
27. Rxd7 Qxd7 28. Ra2 Rd8 29. h3 Qd1+ 30. Kh2 Qd5 31. Rb2 Qxe5+ 32. f4 Qxb2 33.
Kg3 Qxg2+ 34. Kh4 Ng6+ 35. Kh5 Bf3# 0-1

[Event "Junior Online 4NCL Division 3"]
[Site "online"]
[Date "2020.08.20"]
[Round "1.103"]
[White "Tran, Joseph"]
[Black "Flanders, William"]
[Result "1-0"]
[WhiteElo "1337"]
[BlackElo "1111"]
[PlyCount "97"]
[EventDate "2020.08.20"]
[WhiteTeam "Surbiton Juniors B"]
[BlackTeam "Surrey Kings 1"]

1. e4 e6 2. Nf3 Nf6 3. Nc3 Bc5 4. h3 d5 5. exd5 exd5 6. d4 Bb6 7. Qe2+ Be6 8.
Qb5+ c6 9. Qd3 g6 10. Be2 Bf5 11. Qd1 Qe7 12. O-O c5 13. Bb5+ Nbd7 14. dxc5
Bxc5 15. Bxd7+ Bxd7 16. Bg5 h6 17. Re1 Be6 18. Bxf6 Qxf6 19. Nxd5 Qf5 20. Nc7+
Ke7 21. Nxa8 Rxa8 22. Qd3 Qf6 23. Qb5 Qf5 24. Qxb7+ Kf6 25. Qxa8 Bd5 26. Qe8 g5
27. Qe5+ Qxe5 28. Rxe5 Bd4 29. Rxd5 Bxb2 30. Rb1 Ke6 31. Rxb2 Kxd5 32. Rb7 a6
33. Rxf7 a5 34. Rf5+ Kc4 35. Rxa5 Kb4 36. Ra6 Kb5 37. Rxh6 Kc5 38. Rh5 Kc4 39.
Rxg5 Kc3 40. h4 Kxc2 41. h5 Kb2 42. h6 Kxa2 43. h7 Kb2 44. h8=Q+ Kc2 45. Rd5
Kb3 46. Qc8 Kb4 47. Qc6 Kb3 48. Rb5+ Ka4 49. Qa6# 1-0

[Event "Junior Online 4NCL Division 3"]
[Site "online"]
[Date "2020.08.20"]
[Round "1.104"]
[White "Gardner, Oliver"]
[Black "Sheftel, Sam"]
[Result "0-1"]
[WhiteElo "1075"]
[BlackElo "1300"]
[PlyCount "28"]
[EventDate "2020.08.20"]
[WhiteTeam "Surrey Kings 1"]
[BlackTeam "Surbiton Juniors B"]

1. e4 e5 2. Nf3 Nc6 3. Bc4 Bc5 4. d3 Nf6 5. Nc3 O-O 6. Bg5 Be7 7. Nd5 Nxd5 8.
exd5 Bxg5 9. Nxg5 Qxg5 10. h4 Qxg2 11. Rf1 Nd4 12. Qd2 Nf3+ 13. Kd1 Qxf1+ 14.
Qe1 Qxe1# 0-1

[Event "Junior Online 4NCL Division 3"]
[Site "online"]
[Date "2020.08.20"]
[Round "1.105"]
[White "Thompson, Alex"]
[Black "Solanki, Rohan"]
[Result "1-0"]
[WhiteElo "1472"]
[BlackElo "1382"]
[PlyCount "33"]
[EventDate "2020.08.20"]
[WhiteTeam "Surrey Kings 1"]
[BlackTeam "Surbiton Juniors B"]

1. d4 e6 2. c4 c5 3. d5 Nf6 4. Nc3 Na6 5. e4 Qa5 6. Bd3 Nb4 7. f4 g6 8. e5 Nh5
9. g4 Ng7 10. d6 Nc6 11. Bd2 Qb4 12. Nb5 Qxb2 13. Ne2 a6 14. Bc3 Qxa1 15. Nc7+
Kd8 16. Qxa1 Ne8 17. Nxa8 1-0